000 00357nam a22001577a 4500
003 MPLRDC
005 20220104114314.0
008 210129b ||||| |||| 00| 0 eng d
082 _a857.45 BL v.2
100 _a不详
245 _a陈桥兵变
_c
260 _a
_b百灵出版社
_c
300 _b
650 _a历史小说
942 _cBK
_o857.45 BL v.2
999 _c6445
_d6435